| 000 | 00980 a2200193 4500 | ||
|---|---|---|---|
| 003 | NUST | ||
| 005 | 20230704131532.0 | ||
| 010 | _a 74010307 | ||
| 020 | _a0023696206 | ||
| 040 | _cNust | ||
| 082 | 0 | 0 | _a512.9,LEI |
| 100 | 1 |
_aLeithold, Louis. _939108 |
|
| 245 | 1 | 0 |
_aCollege algebra / _cLouis Leithold. |
| 260 |
_aNew York : _bMacmillan, _c[1975] |
||
| 300 |
_axi, 527, A1-A30 p. : _bill. ; _c24 cm. |
||
| 505 | _aThe Real Number (Page-1), Algebraic Expressions (Page-49), Exponents and Radicals (Page-95), Equations in One Variable (Page-133),Equations In Two Variables (Page-183), Functions (Page-229), Exponential and Lo7garithms Functions(Page-263), Systems of Equations (Page-303), Inequalities (Page-343), Matrices and Determents (Page-373), Sequences (Page-409), Permutations Combinations and the Binomial Theorem(Page-445),Complex number(Page-471), Polynomial functions and Theory of Polynomial (Page-497). | ||
| 650 | 0 |
_aAlgebra. _98509 |
|
| 942 |
_2ddc _cBK _k519.9,LEI |
||
| 999 |
_c182296 _d182296 |
||